00430 a2200109 450000100060000008200120000610000560001824501790007426000340025330000100028750000230029791216 aPP 1132 aAbid Mehdi; Prof Tajamul and S K N Zaidi (Advisors) aRecommisioning of an Arial Flow compressor and Preparation of the Experimental performance curves for the compressor and the Laboratory worksheet on the compressorn38 "A" EC aKarachibNED Universityc1993 av;95p aBE Project Reports